书目信息 |
| 题名: |
微波电子管磁路设计手册
|
|
| 作者: | ;电子管设计手册编辑委员会 编 | |
| 分册: | ||
| 出版信息: | 北京 国防工业出版社 1984 |
|
| 页数: | 551页 | |
| 开本: | 21cm | |
| 丛书名: | ||
| 单 册: | ||
| 中图分类: | TN12-62 , TN12 | |
| 科图分类: | ||
| 主题词: | 微波管-磁路--设计--手册 , 磁路-微波管--设计--手册 , 微波管 | |
| 电子资源: | ||
| ISBN: | ||
| 000 | 00825nam0 2200277 45 | |
| 001 | 0184016541 | |
| 005 | 20040519151415.7 | |
| 010 | @b精装@dCNY3.10 | |
| 091 | @a15034.2580 | |
| 100 | @a19950510d1984 emky0chiy0121 ea | |
| 101 | 0 | @achi |
| 102 | @aCN@b110000 | |
| 105 | @ay z 000yy | |
| 106 | @ar | |
| 200 | 10 | @a微波电子管磁路设计手册@Awei bo dian zi guan ci lu she ji shou ce@f电子管设计手册编辑委员会编 |
| 210 | @a北京@c国防工业出版社@d1984 | |
| 215 | @a551页@d21cm | |
| 606 | @a微波管-磁路@x设计@x手册 | |
| 606 | @a磁路-微波管@x设计@x手册 | |
| 606 | 0 | @a微波管 |
| 690 | @aTN12-62@v3 | |
| 690 | @aTN12@v3 | |
| 711 | 02 | @a电子管设计手册编辑委员会@Adian zi guan she ji shou ce bian ji wei yuan hui@4编 |
| 801 | 0 | @aCN@b上海图书馆@c20040519 |
| 801 | 2 | @aCN@bNLC@c20040519 |
| 905 | @f1@b117615@dTN12@e15 | |
| 微波电子管磁路设计手册/电子管设计手册编辑委员会编.-北京:国防工业出版社,1984 |
| 551页;21cm |
| ISBN (精装):CNY3.10 |
| ● |
| 相关链接 |
|
|
|
|
正题名:微波电子管磁路设计手册
索取号:TN12/15
 
预约/预借
| 序号 | 登录号 | 条形码 | 馆藏地/架位号 | 状态 | 备注 |
| 1 | 0117614 | 001350683 | 第三借阅区/ [索取号:TN12/15] | 在馆 | |
| 2 | 0117615 | 001350647 | 密集书库/ [索取号:TN12/15] | 在馆 | |
| 3 | 0117616 | 001350727 | 第二样本阅览室/ [索取号:TN12/15] | 在馆 |